Ekonomický sborník Slovenskej akadémie vied a umení

Bibliographic Details
New Title:Ekonomický časopis
Previous Title:Oeconomica slovaca
Other Authors: Pázman, Július (Publishing director), Heretik, Štefan, 1915-1983 (Publishing director)
Format: Serial
Language:Slovak
PhysicalDescription:3 zv. 24 cm
Published: Bratislava Slovenská akadémia vied a umení 1950-1952
Bratislava Nakladateľstvo Slovenskej akadémie vied a umení
ISSN:0013-3035
Subjects:

MARC

LEADER 00000cas a2200000 a 4500
001 vtls010120542
003 SK-MaSNL
005 20260228160011.0
008 100803d19501952xo ar 000 b0slo c
040 |a SVKPO  |b slo  |c SVKPO  |d SAVUK  |d SNK  |e AACR2 
041 0 |a slo 
044 |a xo  |c SK 
072 7 |a 33  |x Ekonómia  |2 konspekt 
080 |a 33  |2 2011 
080 |a 050  |2 2011 
080 |a (082)  |2 2011 
245 0 0 |a Ekonomický sborník Slovenskej akadémie vied a umení 
246 3 3 |a Ekonomický sborník SAVU 
260 |a Bratislava  |b Slovenská akadémia vied a umení  |c 1950-1952 
260 3 |3 1951-1952  |a Bratislava  |b Nakladateľstvo Slovenskej akadémie vied a umení 
300 |a 3 zv.  |c 24 cm 
310 |a 1x ročne 
362 0 |a Roč. 2 (1950)-roč. 4 (1952) 
500 |a Hlavný redaktor: 1950-1951, Július Pázman ; 1952, Štefan Heretik 
500 |a Tlač: 1950, Moravskoslezské tiskárny, Přerov ; 1951, Severoslovenské tlačiarne, n.p. závod Martin ; 1952, Severoslovenské tlačiarne, n.p. závod Ružomberok 
650 0 7 |a ekonómia  |2 SNKPH  |9 788 
655 7 |a zborníky  |2 SNKPH  |9 70165 
700 1 |a Pázman, Július  |4 pbd  |9 265740 
700 1 |a Heretik, Štefan,  |d 1915-1983  |4 pbd  |9 49185 
710 2 |a Slovenská akadémia vied a umení  |4 pbl  |9 32421 
780 0 0 |t Oeconomica slovaca  |w vtls010180073 
785 0 0 |t Ekonomický časopis  |x 0013-3035 
910 |a savuk 
910 |a snk 
999 |c 1106  |d 3036 
952 |0 0  |1 0  |4 0  |7 0  |8 3  |a SNK  |b SNK  |d 2022-03-17  |f 1  |i snkVIII. 4320/51  |l 0  |o snkČSB 518/2/1950  |p 17A0711915  |r 2026-02-21 19:53:28  |w 2026-02-21  |y PREZ 
952 |0 0  |1 0  |4 0  |7 0  |8 3  |a SNK  |b SNK  |d 2022-03-17  |f 1  |i snkVIII. 2173/53  |l 0  |o snkČSB 518/3/1951  |p 17A0711899  |r 2026-02-21 19:53:29  |w 2026-02-21  |y PREZ 
952 |0 0  |1 0  |4 0  |7 0  |8 2  |a SNK  |b SNK  |d 2022-03-17  |f 1  |i snkVII. 201/55  |l 0  |o snkČSB 518/4/1952  |p 17A0711904  |r 2026-02-21 19:53:29  |w 2026-02-21  |y PREZ